| 000 | 00862cam a2200217 4500 | ||
|---|---|---|---|
| 001 | ABS65033 | ||
| 008 | 020208n2002 000 0 eng u | ||
| 035 | _a(Sirsi) u116661 | ||
| 245 | _aWelcome to the Eurozone | ||
| 260 | _c2002 | ||
| 490 |
_aBuilding _v267(8216) 11 January 2002, 36-47(12) |
||
| 520 | _aSpecial report on the effects of the Euro on the UK. Examines the implications of integration and assesses each country in the eurozone. Questions whether the UK will become just part of the biggest construction market on earth. Also includes a league table of Europe's top 500 firms and a guide to European law, plus a guide to the best Continental products. | ||
| 590 | _aABS | ||
| 650 | _aLEAGUE TABLES | ||
| 650 | _aEURO | ||
| 650 | _aEUROZONE | ||
| 650 | _aLAW-EUROPE | ||
| 650 | _aCONSTRUCTION MARKET | ||
| 690 | _aEUROPE | ||
| 942 | _n0 | ||
| 999 |
_c69474 _d69474 |
||